Central London office market : market index brief. - Quarter 1-4 2001 (Record no. 101576)

MARC details
000 -LEADER
fixed length control field 00622cam a2200193 4500
001 - CONTROL NUMBER
control field J64829
008 - FIXED-LENGTH DATA ELEMENTS--GENERAL INFORMATION
fixed length control field 000000n2001 000 0 eng u
035 ## - SYSTEM CONTROL NUMBER
System control number (Sirsi) u114130
050 ## - LIBRARY OF CONGRESS CALL NUMBER
Classification number 333.33709421
110 ## - MAIN ENTRY--CORPORATE NAME
Corporate name or jurisdiction name as entry element CB Hillier Parker
9 (RLIN) 3660
245 ## - TITLE STATEMENT
Title Central London office market : market index brief. - Quarter 1-4 2001
260 ## - PUBLICATION, DISTRIBUTION, ETC.
Place of publication, distribution, etc. London
Name of publisher, distributor, etc. CB Hillier Parker
Date of publication, distribution, etc. 2001
300 ## - PHYSICAL DESCRIPTION
Extent 4pt. ; 30cm.
650 ## - SUBJECT ADDED ENTRY--TOPICAL TERM
Topical term or geographic name entry element PROPERTY-COMMERCIAL PROPERTY-OFFICE PROPERTY-OFFICE PROPERTY MARKET
650 ## - SUBJECT ADDED ENTRY--TOPICAL TERM
Topical term or geographic name entry element OFFICES
650 ## - SUBJECT ADDED ENTRY--TOPICAL TERM
Topical term or geographic name entry element CENTRAL LONDON
690 ## - LOCAL SUBJECT ADDED ENTRY--TOPICAL TERM (OCLC, RLIN)
Topical term or geographic name as entry element PROPERTY-COMMERCIAL PROPERTY-COMMERCIAL PROPERTY MARKET
942 ## - ADDED ENTRY ELEMENTS (KOHA)
Suppress in OPAC 0
Holdings
Withdrawn status Lost status Source of classification or shelving scheme Damaged status Not for loan Home library Current library Shelving location Date acquired Total Checkouts Full call number Barcode Date last seen Copy number Price effective from Koha item type
    Dewey Decimal Classification     London London Property market reports 15/08/2001   PROPERTY MARKET REPORTS 30064829 06/08/2019 1 06/08/2019 Book
    Dewey Decimal Classification     London London Property market reports 22/04/2002   PROPERTY MARKET REPORTS 30065682 06/08/2019 2 06/08/2019 Book
    Dewey Decimal Classification     London London Property market reports 22/04/2002   PROPERTY MARKET REPORTS 30065678 06/08/2019 3 06/08/2019 Book
    Dewey Decimal Classification     London London Property market reports 22/04/2002   PROPERTY MARKET REPORTS 30065686 06/08/2019 4 06/08/2019 Book